[Event "Deutsche Ländermeisterschaft 2022"]
[Site "Wiesbaden GER"]
[Date "2022.10.02"]
[Round "4"]
[White "Bock, Marlon"]
[Black "Haubold, Sebastian"]
[Result "1/2-1/2"]
[Termination "normal"]
[Board "6.3"]
[WhiteElo "1866"]
[BlackElo "2039"]
[WhiteClock "00:03:42"]
[BlackClock "00:17:34"]
[WhiteTeam "Thüringen"]
[BlackTeam "Sachsen-Anhalt"]
[PlyCount "120"]
[WhiteFideId "16244931"]
[BlackFideId "16259637"]
[EventCountry "GER"]
[EventRounds "7"]
[EventType "team-swiss"]
[EventDate "2022.09.30"]

1. d4 {[%clk 1:30:57]} Nf6 {[%clk 1:30:50]} 2. Nf3 {[%clk 1:31:24]} g6 {[%clk
1:31:10]} 3. Nc3 {[%clk 1:31:50]} d5 {[%clk 1:31:28]} 4. Bf4 {[%clk 1:31:59]}
Bg7 {[%clk 1:31:37]} 5. Qd2 {[%clk 1:31:52]} O-O {[%clk 1:31:57]} 6. Bh6 {[%clk
1:31:58]} Ne4 {[%clk 1:32:05]} 7. Nxe4 {[%clk 1:32:01]} dxe4 {[%clk 1:32:23]}
8. Bxg7 {[%clk 1:32:17]} Kxg7 {[%clk 1:32:43]} 9. Ng5 {[%clk 1:32:17]} e5
{[%clk 1:32:31]} 10. dxe5 {[%clk 1:32:03]} Qxd2+ {[%clk 1:32:34]} 11. Kxd2
{[%clk 1:32:29]} Rd8+ {[%clk 1:32:53]} 12. Ke3 {[%clk 1:32:42]} Nc6 {[%clk
1:32:18]} 13. Nxe4 {[%clk 1:32:05]} Nxe5 {[%clk 1:32:16]} 14. Kf4 {[%clk
1:31:43]} f6 {[%clk 1:24:59]} 15. f3 {[%clk 1:28:11]} g5+ {[%clk 1:13:54]} 16.
Kg3 {[%clk 1:26:56]} Bf5 {[%clk 1:12:21]} 17. Nc5 {[%clk 1:13:44]} Rd2 {[%clk
1:05:15]} 18. Rc1 {[%clk 1:00:24]} Rxc2 {[%clk 0:56:47]} 19. Rxc2 {[%clk
0:57:47]} Bxc2 {[%clk 0:56:13]} 20. h4 {[%clk 0:44:55]} b6 {[%clk 0:41:34]} 21.
Ne6+ {[%clk 0:41:32]} Kf7 {[%clk 0:39:44]} 22. Nd4 {[%clk 0:38:47]} Bb1 {[%clk
0:33:33]} 23. hxg5 {[%clk 0:36:58]} fxg5 {[%clk 0:33:03]} 24. e4 {[%clk
0:31:58]} Kg6 {[%clk 0:24:06]} 25. f4 {[%clk 0:24:04]} gxf4+ {[%clk 0:23:40]}
26. Kxf4 {[%clk 0:24:20]} Nd3+ {[%clk 0:23:33]} 27. Bxd3 {[%clk 0:21:34]} Bxd3
{[%clk 0:23:40]} 28. Nf5 {[%clk 0:19:52]} Rh8 {[%clk 0:16:15]} 29. Rh6+ {[%clk
0:19:04]} Kf7 {[%clk 0:16:43]} 30. Rc6 {[%clk 0:19:19]} Re8 {[%clk 0:15:33]}
31. Rxc7+ {[%clk 0:18:22]} Kf6 {[%clk 0:14:02]} 32. Rc6+ {[%clk 0:13:20]} Re6
{[%clk 0:14:07]} 33. e5+ {[%clk 0:13:14]} Kf7 {[%clk 0:14:27]} 34. Rc7+ {[%clk
0:11:42]} Kg8 {[%clk 0:12:45]} 35. Rxa7 {[%clk 0:10:21]} Re8 {[%clk 0:09:35]}
36. Nd6 {[%clk 0:07:54]} Rf8+ {[%clk 0:09:46]} 37. Ke3 {[%clk 0:06:48]} Bg6
{[%clk 0:07:40]} 38. Kd4 {[%clk 0:06:07]} Rf2 {[%clk 0:07:55]} 39. e6 {[%clk
0:02:15]} Rxg2 {[%clk 0:07:35]} 40. b3 {[%clk 0:00:50]} h5 {[%clk 0:07:03]} 41.
Ke3 {[%clk 0:23:00]} h4 {[%clk 0:34:12]} 42. Ra4 {[%clk 0:20:24]} Rg5 {[%clk
0:31:45]} 43. Rxh4 {[%clk 0:13:55]} Re5+ {[%clk 0:32:10]} 44. Kd4 {[%clk
0:13:46]} Rxe6 {[%clk 0:32:32]} 45. Kd5 {[%clk 0:13:51]} Re2 {[%clk 0:32:03]}
46. Ra4 {[%clk 0:12:48]} Bb1 {[%clk 0:30:31]} 47. a3 {[%clk 0:11:53]} Ba2
{[%clk 0:24:02]} 48. Rb4 {[%clk 0:08:59]} Rd2+ {[%clk 0:23:41]} 49. Kc6 {[%clk
0:08:32]} Rd3 {[%clk 0:24:08]} 50. Rg4+ {[%clk 0:07:40]} Kf8 {[%clk 0:24:37]}
51. b4 {[%clk 0:07:27]} Rxa3 {[%clk 0:24:57]} 52. Kxb6 {[%clk 0:07:39]} Ke7
{[%clk 0:23:20]} 53. Nb7 {[%clk 0:07:10]} Bd5 {[%clk 0:20:21]} 54. Rd4 {[%clk
0:06:39]} Bg2 {[%clk 0:19:50]} 55. b5 {[%clk 0:06:46]} Bf1 {[%clk 0:20:19]} 56.
Na5 {[%clk 0:06:39]} Bxb5 {[%clk 0:20:44]} 57. Kxb5 {[%clk 0:06:46]} Rh3 {[%clk
0:20:46]} 58. Nc4 {[%clk 0:04:21]} Rh6 {[%clk 0:18:09]} 59. Nb6 {[%clk
0:04:05]} Ke6 {[%clk 0:17:34]} 60. Kc5 {[%clk 0:03:42]} Ke5 1/2-1/2

[Event "Deutsche Ländermeisterschaft 2022"]
[Site "Wiesbaden GER"]
[Date "2022.10.02"]
[Round "4"]
[White "Haubold, Christian"]
[Black "Aniol, Nico"]
[Result "1-0"]
[Termination "normal"]
[Board "6.4"]
[WhiteElo "1888"]
[BlackElo "1541"]
[WhiteClock "00:06:09"]
[BlackClock "01:01:30"]
[WhiteTeam "Sachsen-Anhalt"]
[BlackTeam "Thüringen"]
[PlyCount "153"]
[WhiteFideId "16259629"]
[BlackFideId "16287096"]
[EventCountry "GER"]
[EventRounds "7"]
[EventType "team-swiss"]
[EventDate "2022.09.30"]

1. e4 {[%clk 1:30:57]} c6 {[%clk 1:30:30]} 2. d4 {[%clk 1:31:11]} d5 {[%clk
1:30:27]} 3. Nc3 {[%clk 1:31:18]} dxe4 {[%clk 1:30:09]} 4. Nxe4 {[%clk
1:31:31]} Nf6 {[%clk 1:29:47]} 5. Nxf6+ {[%clk 1:31:11]} exf6 {[%clk 1:30:12]}
6. Bc4 {[%clk 1:30:32]} Bd6 {[%clk 1:29:57]} 7. c3 {[%clk 1:29:49]} O-O {[%clk
1:30:11]} 8. Qc2 {[%clk 1:29:18]} Re8+ {[%clk 1:29:14]} 9. Ne2 {[%clk 1:29:12]}
h5 {[%clk 1:27:40]} 10. Qg6 {[%clk 1:26:09]} Be6 {[%clk 1:22:37]} 11. Bxe6
{[%clk 1:26:12]} Rxe6 {[%clk 1:22:56]} 12. Qxh5 {[%clk 1:26:28]} Qe7 {[%clk
1:22:16]} 13. Be3 {[%clk 1:26:03]} Nd7 {[%clk 1:21:05]} 14. Ng3 {[%clk
1:16:23]} g6 {[%clk 1:17:18]} 15. Qg4 {[%clk 1:09:49]} Kf8 {[%clk 1:07:11]} 16.
O-O-O {[%clk 0:59:17]} Ke8 {[%clk 1:04:19]} 17. Kb1 {[%clk 0:53:31]} Nb6 {[%clk
0:59:09]} 18. Bf4 {[%clk 0:47:57]} f5 {[%clk 0:47:27]} 19. Bxd6 {[%clk
0:43:56]} Qxd6 {[%clk 0:47:47]} 20. Qf3 {[%clk 0:43:05]} Qd5 {[%clk 0:45:54]}
21. Qxd5 {[%clk 0:35:26]} Nxd5 {[%clk 0:45:55]} 22. Rde1 {[%clk 0:34:46]} Nf4
{[%clk 0:44:41]} 23. Rxe6+ {[%clk 0:34:51]} fxe6 {[%clk 0:44:52]} 24. Rg1
{[%clk 0:34:48]} Kf7 {[%clk 0:44:14]} 25. Kc2 {[%clk 0:33:11]} Re8 {[%clk
0:44:14]} 26. Nh1 {[%clk 0:22:20]} e5 {[%clk 0:41:57]} 27. dxe5 {[%clk
0:13:45]} Rxe5 {[%clk 0:42:09]} 28. Ng3 {[%clk 0:13:02]} Kf6 {[%clk 0:38:22]}
29. Kd2 {[%clk 0:06:33]} Ra5 {[%clk 0:37:08]} 30. a3 {[%clk 0:06:51]} Rb5
{[%clk 0:37:33]} 31. Kc2 {[%clk 0:06:16]} Re5 {[%clk 0:36:47]} 32. f3 {[%clk
0:05:48]} Re7 {[%clk 0:33:53]} 33. Kd2 {[%clk 0:04:23]} Re5 {[%clk 0:33:18]}
34. Kc2 {[%clk 0:03:38]} Re7 {[%clk 0:33:34]} 35. Kd2 {[%clk 0:03:35]} Re5
{[%clk 0:33:53]} 36. h3 {[%clk 0:02:15]} Rb5 {[%clk 0:34:04]} 37. Kc2 {[%clk
0:02:03]} Re5 {[%clk 0:34:30]} 38. Kd2 {[%clk 0:01:36]} Rb5 {[%clk 0:34:55]}
39. Kc2 {[%clk 0:00:47]} Re5 {[%clk 0:35:21]} 40. b4 {[%clk 0:00:44]} b5 {[%clk
0:35:20]} 41. Kd2 {[%clk 0:11:10]} Kg5 {[%clk 1:05:11]} 42. Kc2 {[%clk
0:07:45]} Kh4 {[%clk 1:05:09]} 43. Nxf5+ {[%clk 0:07:01]} gxf5 {[%clk 1:04:44]}
44. g3+ {[%clk 0:07:14]} Kg5 {[%clk 1:04:52]} 45. h4+ {[%clk 0:07:08]} Kh5
{[%clk 1:05:19]} 46. gxf4 {[%clk 0:07:33]} Re3 {[%clk 1:05:30]} 47. Rg5+ {[%clk
0:07:44]} Kxh4 {[%clk 1:05:54]} 48. Rxf5 {[%clk 0:08:01]} Re6 {[%clk 1:05:29]}
49. Re5 {[%clk 0:06:20]} Rf6 {[%clk 1:05:40]} 50. f5 {[%clk 0:06:35]} Kg3
{[%clk 1:05:38]} 51. Re6 {[%clk 0:06:50]} Rxf5 {[%clk 1:06:00]} 52. Rxc6 {[%clk
0:06:54]} Rf7 {[%clk 1:04:57]} 53. Kd3 {[%clk 0:05:35]} Kxf3 {[%clk 1:05:17]}
54. Kd4 {[%clk 0:05:47]} Ke2 {[%clk 1:04:30]} 55. Kc5 {[%clk 0:05:29]} Rb7
{[%clk 1:04:51]} 56. Ra6 {[%clk 0:05:23]} Kd3 {[%clk 1:05:14]} 57. Kc6 {[%clk
0:04:20]} Rh7 {[%clk 1:05:40]} 58. Kxb5 {[%clk 0:04:20]} Kxc3 {[%clk 1:06:04]}
59. Rg6 {[%clk 0:04:14]} Kd4 {[%clk 1:05:44]} 60. a4 {[%clk 0:03:43]} Rb7+
{[%clk 1:05:49]} 61. Ka5 {[%clk 0:03:58]} Kd5 {[%clk 1:05:45]} 62. b5 {[%clk
0:04:10]} Rh7 {[%clk 1:04:50]} 63. Ka6 {[%clk 0:04:17]} Kc5 {[%clk 1:03:53]}
64. a5 {[%clk 0:04:10]} Rf7 {[%clk 1:03:39]} 65. Rc6+ {[%clk 0:04:07]} Kd5
{[%clk 1:03:25]} 66. Rc8 {[%clk 0:04:21]} Kd6 {[%clk 1:02:20]} 67. Ra8 {[%clk
0:04:08]} Kc5 {[%clk 1:00:35]} 68. Rxa7 {[%clk 0:04:19]} Rf5 {[%clk 0:59:54]}
69. Rh7 {[%clk 0:03:53]} Kb4 {[%clk 0:59:50]} 70. Rh4+ {[%clk 0:04:17]} Kc5
{[%clk 1:00:17]} 71. b6 {[%clk 0:04:36]} Rf6 {[%clk 1:00:13]} 72. Ka7 {[%clk
0:04:31]} Rf7+ {[%clk 1:00:13]} 73. b7 {[%clk 0:04:54]} Kc6 {[%clk 1:00:39]}
74. a6 {[%clk 0:05:14]} Rg7 {[%clk 1:00:53]} 75. Ka8 {[%clk 0:05:24]} Rg8+
{[%clk 1:01:08]} 76. b8=Q {[%clk 0:05:45]} Rxb8+ {[%clk 1:01:30]} 77. Kxb8
{[%clk 0:06:09]} 1-0

[Event "Deutsche Ländermeisterschaft 2022"]
[Site "Wiesbaden GER"]
[Date "2022.10.02"]
[Round "4"]
[White "Holinka, Henning"]
[Black "Großmann, Piet"]
[Result "0-1"]
[Termination "normal"]
[Board "7.1"]
[WhiteElo "2245"]
[BlackElo "1945"]
[WhiteClock "00:10:37"]
[BlackClock "00:23:52"]
[WhiteTeam "Hamburg"]
[BlackTeam "Mecklenburg-Vorpommern"]
[PlyCount "142"]
[WhiteFideId "12967084"]
[BlackFideId "16234359"]
[EventCountry "GER"]
[EventRounds "7"]
[EventType "team-swiss"]
[EventDate "2022.09.30"]

1. e4 {[%clk 1:30:57]} e6 {[%clk 1:30:55]} 2. d4 {[%clk 1:31:23]} d5 {[%clk
1:31:21]} 3. Nc3 {[%clk 1:31:48]} Nf6 {[%clk 1:31:42]} 4. Bg5 {[%clk 1:32:11]}
Bb4 {[%clk 1:32:00]} 5. e5 {[%clk 1:31:20]} h6 {[%clk 1:32:26]} 6. exf6 {[%clk
1:31:21]} hxg5 {[%clk 1:32:50]} 7. fxg7 {[%clk 1:31:42]} Rg8 {[%clk 1:33:16]}
8. h4 {[%clk 1:31:51]} gxh4 {[%clk 1:23:07]} 9. Qh5 {[%clk 1:32:09]} Qf6 {[%clk
1:22:30]} 10. Qxh4 {[%clk 1:31:45]} Qxh4 {[%clk 1:17:29]} 11. Rxh4 {[%clk
1:32:09]} Rxg7 {[%clk 1:17:53]} 12. Rh8+ {[%clk 1:31:48]} Kd7 {[%clk 1:05:15]}
13. O-O-O {[%clk 1:29:36]} Nc6 {[%clk 0:55:13]} 14. g3 {[%clk 1:29:27]} b6
{[%clk 0:54:48]} 15. Nxd5 {[%clk 1:28:04]} exd5 {[%clk 0:54:56]} 16. Bh3+
{[%clk 1:28:27]} Ke7 {[%clk 0:53:08]} 17. Bxc8 {[%clk 1:19:33]} Rb8 {[%clk
0:45:32]} 18. Nf3 {[%clk 1:15:47]} Kf6 {[%clk 0:40:17]} 19. Rh6+ {[%clk
1:09:20]} Rg6 {[%clk 0:40:38]} 20. Rxg6+ {[%clk 1:09:44]} Kxg6 {[%clk 0:40:39]}
21. Bd7 {[%clk 1:08:28]} Ne7 {[%clk 0:38:17]} 22. Ne5+ {[%clk 1:08:06]} Kg7
{[%clk 0:38:14]} 23. Rh1 {[%clk 1:03:19]} Rd8 {[%clk 0:29:45]} 24. Bb5 {[%clk
1:01:20]} f6 {[%clk 0:25:59]} 25. Ng4 {[%clk 1:00:53]} Ng6 {[%clk 0:20:48]} 26.
Bd3 {[%clk 1:00:32]} Rh8 {[%clk 0:19:58]} 27. Rxh8 {[%clk 0:58:38]} Nxh8 {[%clk
0:20:24]} 28. c3 {[%clk 0:58:57]} Bf8 {[%clk 0:19:35]} 29. Ba6 {[%clk 0:56:57]}
Ng6 {[%clk 0:18:53]} 30. b4 {[%clk 0:51:53]} Kf7 {[%clk 0:12:54]} 31. Bb7
{[%clk 0:50:37]} Ne7 {[%clk 0:12:41]} 32. b5 {[%clk 0:50:25]} Ke6 {[%clk
0:12:01]} 33. Ne3 {[%clk 0:49:49]} Bh6 {[%clk 0:09:53]} 34. f4 {[%clk 0:50:05]}
f5 {[%clk 0:08:46]} 35. Kd2 {[%clk 0:49:42]} Bg7 {[%clk 0:09:02]} 36. Ke2
{[%clk 0:49:40]} Bf6 {[%clk 0:08:55]} 37. Bc8+ {[%clk 0:49:34]} Nxc8 {[%clk
0:09:08]} 38. g4 {[%clk 0:47:05]} fxg4 {[%clk 0:07:54]} 39. f5+ {[%clk
0:47:28]} Kd6 {[%clk 0:07:51]} 40. Nxg4 {[%clk 0:47:51]} Bg5 {[%clk 0:04:20]}
41. Ne5 {[%clk 0:45:35]} Ke7 {[%clk 0:02:46]} 42. Kf3 {[%clk 0:40:42]} Bd2
{[%clk 0:01:35]} 43. c4 {[%clk 0:36:28]} dxc4 {[%clk 0:01:09]} 44. Nxc4 {[%clk
0:36:29]} Bc3 {[%clk 0:01:12]} 45. Ne5 {[%clk 0:35:18]} Nd6 {[%clk 0:27:38]}
46. Nc6+ {[%clk 1:04:36]} Kf6 {[%clk 0:27:22]} 47. Nxa7 {[%clk 1:03:27]} Bxd4
{[%clk 0:26:33]} 48. Nc6 {[%clk 1:03:45]} Bc3 {[%clk 0:25:06]} 49. a4 {[%clk
1:02:20]} Kxf5 {[%clk 0:23:24]} 50. Ke3 {[%clk 0:59:36]} Nc4+ {[%clk 0:21:10]}
51. Kd3 {[%clk 0:41:36]} Ne5+ {[%clk 0:21:34]} 52. Kxc3 {[%clk 0:41:43]} Nxc6
{[%clk 0:22:00]} 53. bxc6 {[%clk 0:41:58]} Ke5 {[%clk 0:22:17]} 54. Kc4 {[%clk
0:33:12]} Kd6 {[%clk 0:22:41]} 55. Kb5 {[%clk 0:32:23]} Kd5 {[%clk 0:23:03]}
56. Kb4 {[%clk 0:31:46]} Kxc6 {[%clk 0:23:25]} 57. Kc4 {[%clk 0:31:37]} Kd6
{[%clk 0:22:37]} 58. Kb4 {[%clk 0:27:14]} c6 {[%clk 0:21:37]} 59. Kc4 {[%clk
0:25:05]} Ke5 {[%clk 0:21:25]} 60. Kc3 {[%clk 0:18:39]} Kd5 {[%clk 0:21:40]}
61. Kd3 {[%clk 0:16:29]} c5 {[%clk 0:21:24]} 62. Kc3 {[%clk 0:15:40]} c4 {[%clk
0:21:39]} 63. Kb4 {[%clk 0:08:24]} Kd4 {[%clk 0:21:56]} 64. Kb5 {[%clk
0:08:40]} c3 {[%clk 0:22:22]} 65. Kxb6 {[%clk 0:09:01]} c2 {[%clk 0:22:48]} 66.
a5 {[%clk 0:09:25]} c1=Q {[%clk 0:23:12]} 67. Kb7 {[%clk 0:09:24]} Qb2+ {[%clk
0:23:27]} 68. Ka7 {[%clk 0:09:30]} Kc5 {[%clk 0:23:43]} 69. a6 {[%clk 0:09:45]}
Kc6 {[%clk 0:23:33]} 70. Ka8 {[%clk 0:10:10]} Kc7 {[%clk 0:23:52]} 71. a7
{[%clk 0:10:37]} Qb7# 0-1

[Event "Deutsche Ländermeisterschaft 2022"]
[Site "Wiesbaden GER"]
[Date "2022.10.02"]
[Round "4"]
[White "Lange, Jannis"]
[Black "Hommer, Jeremy"]
[Result "1/2-1/2"]
[Termination "normal"]
[Board "7.2"]
[WhiteElo "2085"]
[BlackElo "2184"]
[WhiteClock "00:09:22"]
[BlackClock "00:26:51"]
[WhiteTeam "Mecklenburg-Vorpommern"]
[BlackTeam "Hamburg"]
[PlyCount "70"]
[WhiteFideId "12993107"]
[BlackFideId "12992577"]
[EventCountry "GER"]
[EventRounds "7"]
[EventType "team-swiss"]
[EventDate "2022.09.30"]

1. e4 {[%clk 1:30:58]} e6 {[%clk 1:30:54]} 2. d4 {[%clk 1:31:24]} d5 {[%clk
1:31:20]} 3. Nc3 {[%clk 1:31:50]} Nf6 {[%clk 1:31:44]} 4. e5 {[%clk 1:32:16]}
Nfd7 {[%clk 1:32:10]} 5. f4 {[%clk 1:32:40]} c5 {[%clk 1:32:36]} 6. Nf3 {[%clk
1:33:06]} Nc6 {[%clk 1:33:01]} 7. Be3 {[%clk 1:33:30]} a6 {[%clk 1:33:27]} 8.
Qd2 {[%clk 1:32:52]} b5 {[%clk 1:33:50]} 9. Nd1 {[%clk 1:29:34]} b4 {[%clk
1:34:09]} 10. c4 {[%clk 1:28:43]} bxc3 {[%clk 1:25:30]} 11. bxc3 {[%clk
1:28:39]} a5 {[%clk 1:17:31]} 12. Bb5 {[%clk 1:20:52]} Qb6 {[%clk 1:16:58]} 13.
Rb1 {[%clk 1:08:06]} Ba6 {[%clk 1:15:19]} 14. Bd3 {[%clk 1:07:21]} Qc7 {[%clk
1:14:08]} 15. O-O {[%clk 1:06:44]} Be7 {[%clk 1:13:38]} 16. Nf2 {[%clk
1:04:35]} Bxd3 {[%clk 1:10:07]} 17. Qxd3 {[%clk 1:04:25]} c4 {[%clk 1:06:46]}
18. Qc2 {[%clk 1:02:22]} g6 {[%clk 1:06:50]} 19. Ng5 {[%clk 0:48:28]} Nf8
{[%clk 1:04:44]} 20. a4 {[%clk 0:46:27]} h6 {[%clk 1:02:22]} 21. Nf3 {[%clk
0:46:36]} h5 {[%clk 0:59:43]} 22. Rb5 {[%clk 0:43:45]} Nd7 {[%clk 0:59:15]} 23.
Nh3 {[%clk 0:40:35]} Rb8 {[%clk 0:52:55]} 24. Rfb1 {[%clk 0:40:32]} Rxb5 {[%clk
0:52:38]} 25. Rxb5 {[%clk 0:40:49]} Na7 {[%clk 0:48:27]} 26. Rb2 {[%clk
0:38:57]} Nb6 {[%clk 0:47:39]} 27. Nhg5 {[%clk 0:37:47]} Qc6 {[%clk 0:42:45]}
28. Nh4 {[%clk 0:31:15]} Rg8 {[%clk 0:37:52]} 29. Ra2 {[%clk 0:31:33]} Nac8
{[%clk 0:36:03]} 30. Bc1 {[%clk 0:31:36]} Kf8 {[%clk 0:31:13]} 31. h3 {[%clk
0:18:29]} Kg7 {[%clk 0:31:29]} 32. Nhf3 {[%clk 0:16:39]} Rh8 {[%clk 0:30:16]}
33. Nh4 {[%clk 0:11:24]} Rg8 {[%clk 0:27:15]} 34. Nhf3 {[%clk 0:09:30]} Rh8
{[%clk 0:27:15]} 35. Nh4 {[%clk 0:09:22]} Rg8 {[%clk 0:26:51]} 1/2-1/2

[Event "Deutsche Ländermeisterschaft 2022"]
[Site "Wiesbaden GER"]
[Date "2022.10.02"]
[Round "4"]
[White "Herrmann, Jakob"]
[Black "Hubert, Charlotte"]
[Result "1/2-1/2"]
[Termination "normal"]
[Board "7.4"]
[WhiteElo "1888"]
[BlackElo "1671"]
[WhiteClock "00:14:08"]
[BlackClock "00:01:02"]
[WhiteTeam "Mecklenburg-Vorpommern"]
[BlackTeam "Hamburg"]
[PlyCount "126"]
[WhiteFideId "16287169"]
[BlackFideId "16265920"]
[EventCountry "GER"]
[EventRounds "7"]
[EventType "team-swiss"]
[EventDate "2022.09.30"]

1. e4 {[%clk 1:30:56]} c5 {[%clk 1:30:52]} 2. Ne2 {[%clk 1:31:13]} Nf6 {[%clk
1:30:50]} 3. Nbc3 {[%clk 1:31:33]} d5 {[%clk 1:29:54]} 4. exd5 {[%clk 1:30:20]}
Nxd5 {[%clk 1:30:12]} 5. d4 {[%clk 1:28:02]} Nxc3 {[%clk 1:26:48]} 6. bxc3
{[%clk 1:28:14]} g6 {[%clk 1:25:00]} 7. Ba3 {[%clk 1:26:04]} Nd7 {[%clk
1:16:01]} 8. Qd2 {[%clk 1:14:42]} Bg7 {[%clk 1:11:57]} 9. g3 {[%clk 1:14:08]}
O-O {[%clk 1:08:25]} 10. Bg2 {[%clk 1:13:53]} Qa5 {[%clk 1:04:30]} 11. Bb2
{[%clk 1:13:56]} Nb6 {[%clk 0:59:46]} 12. Bc1 {[%clk 0:54:59]} Rd8 {[%clk
0:51:52]} 13. O-O {[%clk 0:52:12]} Bg4 {[%clk 0:35:53]} 14. Re1 {[%clk
0:38:46]} Rac8 {[%clk 0:27:59]} 15. Bxb7 {[%clk 0:33:23]} Rc7 {[%clk 0:26:25]}
16. Qf4 {[%clk 0:33:39]} Rxb7 {[%clk 0:25:32]} 17. Qxg4 {[%clk 0:33:59]} cxd4
{[%clk 0:24:29]} 18. Rd1 {[%clk 0:33:21]} Rc7 {[%clk 0:19:56]} 19. Bf4 {[%clk
0:31:01]} Rc4 {[%clk 0:17:38]} 20. cxd4 {[%clk 0:28:20]} Rxc2 {[%clk 0:16:22]}
21. Rac1 {[%clk 0:25:28]} Rdc8 {[%clk 0:08:59]} 22. Bd2 {[%clk 0:20:45]} Qxa2
{[%clk 0:04:20]} 23. Nc3 {[%clk 0:20:55]} Qb3 {[%clk 0:04:27]} 24. Rb1 {[%clk
0:13:15]} Qc4 {[%clk 0:04:35]} 25. Nb5 {[%clk 0:12:01]} Qa4 {[%clk 0:03:59]}
26. Qg5 {[%clk 0:07:12]} Bf6 {[%clk 0:03:33]} 27. Qe3 {[%clk 0:07:00]} Nc4
{[%clk 0:02:32]} 28. Qe2 {[%clk 0:05:48]} Nxd2 {[%clk 0:02:24]} 29. Rxd2 {[%clk
0:06:08]} Rxd2 {[%clk 0:02:46]} 30. Qxd2 {[%clk 0:06:32]} a6 {[%clk 0:02:44]}
31. Nc3 {[%clk 0:04:29]} Qxd4 {[%clk 0:03:05]} 32. Qxd4 {[%clk 0:04:46]} Bxd4
{[%clk 0:03:33]} 33. Ne2 {[%clk 0:04:34]} Bf6 {[%clk 0:03:53]} 34. Rb6 {[%clk
0:03:41]} Rc2 {[%clk 0:03:31]} 35. Kf1 {[%clk 0:03:51]} Ra2 {[%clk 0:03:54]}
36. h4 {[%clk 0:02:40]} a5 {[%clk 0:03:08]} 37. Ra6 {[%clk 0:03:04]} h5 {[%clk
0:02:20]} 38. Ke1 {[%clk 0:02:19]} Kg7 {[%clk 0:02:08]} 39. Kf1 {[%clk
0:01:35]} Kh6 {[%clk 0:01:59]} 40. Ra7 {[%clk 0:01:03]} Ra1+ {[%clk 0:01:24]}
41. Kg2 {[%clk 0:01:25]} Ra2 {[%clk 0:24:01]} 42. Kf3 {[%clk 0:31:28]} g5
{[%clk 0:22:20]} 43. hxg5+ {[%clk 0:30:32]} Kxg5 {[%clk 0:22:25]} 44. Rc7
{[%clk 0:28:19]} a4 {[%clk 0:14:44]} 45. Nf4 {[%clk 0:25:38]} a3 {[%clk
0:11:21]} 46. Rc5+ {[%clk 0:25:47]} e5 {[%clk 0:11:33]} 47. Ra5 {[%clk
0:26:00]} Bg7 {[%clk 0:10:47]} 48. Nd3 {[%clk 0:25:22]} f6 {[%clk 0:09:24]} 49.
Nf4 {[%clk 0:22:55]} Bh6 {[%clk 0:04:39]} 50. Ke4 {[%clk 0:18:15]} Kg4 {[%clk
0:02:40]} 51. f3+ {[%clk 0:18:26]} Kxg3 {[%clk 0:02:59]} 52. Nxh5+ {[%clk
0:18:50]} Kf2 {[%clk 0:03:21]} 53. Nxf6 {[%clk 0:18:50]} Bf4 {[%clk 0:02:58]}
54. Ng4+ {[%clk 0:17:39]} Kg3 {[%clk 0:03:15]} 55. Ne3 {[%clk 0:15:35]} Kf2
{[%clk 0:01:57]} 56. Ng4+ {[%clk 0:15:50]} Kg3 {[%clk 0:01:44]} 57. Ne3 {[%clk
0:16:15]} Ra1 {[%clk 0:00:40]} 58. Nc2 {[%clk 0:16:07]} Rc1 {[%clk 0:01:02]}
59. Nxa3 {[%clk 0:15:55]} Rc3 {[%clk 0:01:24]} 60. Ra4 {[%clk 0:14:15]} Re3+
{[%clk 0:01:33]} 61. Kf5 {[%clk 0:14:24]} Kxf3 {[%clk 0:01:27]} 62. Nc4 {[%clk
0:14:42]} Re2 {[%clk 0:01:08]} 63. Nd6 {[%clk 0:14:08]} Rd2 {[%clk 0:01:02]}
1/2-1/2